[Event "Rodostosah WGM 2019"]
[Site "Tekirdag"]
[Date "2019.02.10"]
[Round "1.6"]
[White "Caglar, Sila"]
[Black "Shkuran, Danylo"]
[Result "1/2-1/2"]
[WhiteElo "2062"]
[BlackElo "2368"]
[Annotator "NA"]
[PlyCount "81"]
[EventDate "2019.02.08"]
[EventType "schev"]
[EventCountry "TUR"]
[SourceTitle "playchess.com"]
[Source "ChessBase"]
[SourceQuality "1"]
[TimeControl "5400+30"]

1. e4 {[%emt 0:00:30]} c5 {[%emt 0:00:30]} 2. Nf3 {[%emt 0:00:30]} e6 {[%emt 0:00:30]} 3. d4 {[%emt 0:00:30]} cxd4 {[%emt 0:00:30]} 4. Nxd4 {[%emt 0:00:00]} Nc6 {[%emt 0:00:00]} 5. Nc3 {[%emt 0:00:00]} Qc7 {[%emt 0:00:00]} 6. Be2 {[%emt 0:00:30]} a6 {[%emt 0:00:30]} 7. Be3 {[%emt 0:00:30]} Nf6 {[%emt 0:01:30]} 8. O-O {[%emt 0:01:30]} Be7 {[%emt 0:07:30]} 9. f4 {[%emt 0:05:30]} d6 {[%emt 0:01:30]} 10. Kh1 {[%emt 0:00:30]} O-O {[%emt 0:00:30]} 11. Qe1 {[%emt 0:00:30]} Bd7 {[%emt 0:02:30]} 12. Qg3 {[%emt 0:03:30]} Kh8 {[%emt 0:04:30]} 13. Rad1 {[%emt 0:06:30]} b5 {[%emt 0:02:30]} 14. a3 {[%emt 0:00:30]} Rac8 {[%emt 0:07:30]} 15. Bf3 {[%emt 0:12:30]} Na5 {[%emt 0:07:30]} 16. e5 {[%emt 0:06:30]} Ne8 {[%emt 0:10:30]} 17. Nf5 {[%emt 0:18:30]} exf5 {[%emt 0:23:30]} 18. Nd5 {[%emt 0:00:30]} Qb8 {[%emt 0:00:00]} 19. Nxe7 {[%emt 0:00:30]} Rxc2 {[%emt 0:00:00]} 20. Bd4 {[%emt 0:02:30]} Nc4 {[%emt 0:01:30]} 21. Bd5 {[%emt 0:11:30]} Be6 {[%emt 0:24:41]} 22. Qd3 {[%emt 0:04:30]} Rxb2 {[%emt 0:02:47]} 23. Bxe6 {[%emt 0:02:30]} fxe6 {[%emt 0:00:15]} 24. Qh3 {[%emt 0:01:30]} Rf7 {[%emt 0:00:21]} 25. exd6 {[%emt 0:00:47]} Rd2 {[%emt 0:00:51]} 26. Ng6+ {[%emt 0:09:43]} Kg8 {[%emt 0:00:30]} 27. Ne7+ {[%emt 0:00:00]} Kh8 {[%emt 0:00:00]} 28. Ng6+ {[%emt 0:01:11]} Kg8 {[%emt 0:00:03]} 29. Ne7+ {[%emt 0:01:29]} Rxe7 {[%emt 0:00:30]} 30. dxe7 {[%emt 0:00:04]} Qd6 {[%emt 0:00:07]} 31. Qc3 {[%emt 0:07:17]} Rxd1 {[%emt 0:01:59]} 32. Rxd1 {[%emt 0:00:01]} Qxa3 {[%emt 0:00:24]} 33. Bxg7 {[%emt 0:01:38]} Qxc3 {[%emt 0:00:28]} 34. Bxc3 {[%emt 0:00:01]} a5 {[%emt 0:00:30]} 35. Rd7 {[%emt 0:00:57]} b4 {[%emt 0:00:24]} 36. Bd4 {[%emt 0:00:29]} Kf7 {[%emt 0:00:37]} 37. Bc5 {[%emt 0:01:16]} b3 {[%emt 0:00:30]} 38. Rb7 {[%emt 0:00:30]} a4 {[%emt 0:00:28]} 39. Bd4 {[%emt 0:00:47]} Ned6 {[%emt 0:01:02]} 40. Rb4 {[%emt 0:00:30]} Ne8 {[%emt 0:00:30]} 41. Rb7 {[%emt 0:00:30]} 1/2-1/2

[Event "Rodostosah WGM 2019"]
[Site "Tekirdag"]
[Date "2019.02.10"]
[Round "1.7"]
[White "Kocyigit, Buse Naz"]
[Black "Brankovic, Dejan"]
[Result "0-1"]
[WhiteElo "2023"]
[BlackElo "2318"]
[Annotator "NA"]
[PlyCount "114"]
[EventDate "2019.02.08"]
[EventType "schev"]
[EventCountry "TUR"]
[SourceTitle "playchess.com"]
[Source "ChessBase"]
[SourceQuality "1"]
[TimeControl "5400+30"]

1. e4 {[%emt 0:00:30]} g6 {[%emt 0:01:30]} 2. d4 {[%emt 0:00:30]} Bg7 {[%emt 0:00:30]} 3. Nf3 {[%emt 0:00:30]} c5 {[%emt 0:00:30]} 4. Nc3 {[%emt 0:02:30]} cxd4 {[%emt 0:01:30]} 5. Nxd4 {[%emt 0:00:30]} Nc6 {[%emt 0:00:00]} 6. Be3 {[%emt 0:00:00]} d6 {[%emt 0:04:00]} 7. Be2 {[%emt 0:01:00]} Nf6 {[%emt 0:00:30]} 8. f3 {[%emt 0:00:00]} O-O {[%emt 0:01:30]} 9. Qd2 {[%emt 0:00:00]} d5 {[%emt 0:11:30]} 10. Nxc6 {[%emt 0:15:30]} bxc6 {[%emt 0:00:30]} 11. e5 {[%emt 0:03:30]} Nd7 {[%emt 0:01:30]} 12. f4 {[%emt 0:00:00]} Qa5 {[%emt 0:13:30]} 13. Ne4 {[%emt 0:11:00]} Qxd2+ {[%emt 0:05:30]} 14. Nxd2 {[%emt 0:00:30]} f6 {[%emt 0:01:30]} 15. exf6 {[%emt 0:03:30]} Bxf6 {[%emt 0:02:30]} 16. O-O-O {[%emt 0:02:30]} e5 {[%emt 0:00:30]} 17. fxe5 {[%emt 0:01:30]} Nxe5 {[%emt 0:00:30]} 18. h3 {[%emt 0:03:30]} Re8 {[%emt 0:00:30]} 19. Bf4 {[%emt 0:00:30]} Rb8 {[%emt 0:13:30]} 20. c3 {[%emt 0:10:30]} Rb7 {[%emt 0:05:30]} 21. Nf3 {[%emt 0:03:30]} Bf5 {[%emt 0:08:30]} 22. Nxe5 {[%emt 0:03:30]} Bxe5 {[%emt 0:00:30]} 23. Bxe5 {[%emt 0:00:30]} Rxe5 {[%emt 0:00:00]} 24. Bf3 {[%emt 0:00:00]} Kg7 {[%emt 0:08:18]} 25. Rhe1 {[%emt 0:02:00]} Kf6 {[%emt 0:04:28]} 26. h4 {[%emt 0:15:30]} h5 {[%emt 0:00:33]} 27. Rf1 {[%emt 0:01:10]} Rb6 {[%emt 0:05:18]} 28. Rd4 {[%emt 0:01:19]} Re3 {[%emt 0:02:55]} 29. Kd2 {[%emt 0:01:36]} Rxf3 {[%emt 0:01:51]} 30. gxf3 {[%emt 0:04:10]} Rxb2+ {[%emt 0:00:05]} 31. Ke3 {[%emt 0:00:00]} Rxa2 {[%emt 0:01:11]} 32. c4 {[%emt 0:02:30]} Ke5 {[%emt 0:01:00]} 33. f4+ {[%emt 0:00:09]} Kd6 {[%emt 0:00:30]} 34. cxd5 {[%emt 0:00:09]} cxd5 {[%emt 0:00:32]} 35. Rfd1 {[%emt 0:01:17]} Ra3+ {[%emt 0:01:44]} 36. Kf2 {[%emt 0:00:30]} Ra5 {[%emt 0:00:00]} 37. Rc1 {[%emt 0:01:53]} Ra2+ {[%emt 0:00:10]} 38. Kg3 {[%emt 0:00:19]} Be4 {[%emt 0:00:19]} 39. Rcd1 {[%emt 0:03:04]} Ke6 {[%emt 0:00:21]} 40. Rc1 {[%emt 0:02:37]} Rg2+ {[%emt 0:01:54]} 41. Kh3 {[%emt 0:00:11]} Rf2 {[%emt 0:00:00]} 42. Ra1 {[%emt 0:01:17]} Rf3+ {[%emt 0:00:00]} 43. Kh2 {[%emt 0:00:40]} Rxf4 {[%emt 0:00:00]} 44. Rxa7 {[%emt 0:00:44]} Rxh4+ {[%emt 0:00:00]} 45. Kg3 {[%emt 0:00:16]} Rg4+ {[%emt 0:00:00]} 46. Kh2 {[%emt 0:00:23]} Rg2+ {[%emt 0:01:12]} 47. Kh3 {[%emt 0:00:02]} Rg1 {[%emt 0:00:24]} 48. Rd2 {[%emt 0:01:26]} g5 {[%emt 0:00:23]} 49. Rb2 {[%emt 0:04:10]} Rh1+ {[%emt 0:01:06]} 50. Kg3 {[%emt 0:00:06]} h4+ {[%emt 0:01:14]} 51. Kg4 {[%emt 0:00:22]} Rg1+ {[%emt 0:00:05]} 52. Kh3 {[%emt 0:00:27]} Rg3+ {[%emt 0:01:02]} 53. Kh2 {[%emt 0:00:02]} Kf5 {[%emt 0:01:13]} 54. Ra4 {[%emt 0:02:28]} Kg4 {[%emt 0:00:15]} 55. Rd2 {[%emt 0:00:34]} Rh3+ {[%emt 0:00:33]} 56. Kg1 {[%emt 0:00:03]} Rh1+ {[%emt 0:00:45]} 57. Kf2 {[%emt 0:00:33]} Rh2+ 0-1

[Event "Rodostosah WGM 2019"]
[Site "Tekirdag"]
[Date "2019.02.10"]
[Round "1.8"]
[White "Duran, Esma Doga"]
[Black "Eric, Jovana"]
[Result "0-1"]
[WhiteElo "2005"]
[BlackElo "2222"]
[Annotator "NA"]
[PlyCount "102"]
[EventDate "2019.02.08"]
[EventType "schev"]
[EventCountry "TUR"]
[SourceTitle "playchess.com"]
[Source "ChessBase"]
[SourceQuality "1"]
[TimeControl "5400+30"]

1. d4 {[%emt 0:00:30]} f5 {[%emt 0:00:30]} 2. c4 {[%emt 0:00:30]} Nf6 {[%emt 0:00:00]} 3. g3 {[%emt 0:00:30]} g6 {[%emt 0:00:00]} 4. Bg2 {[%emt 0:00:00]} Bg7 {[%emt 0:00:30]} 5. Nf3 {[%emt 0:00:00]} d6 {[%emt 0:00:30]} 6. O-O {[%emt 0:00:30]} O-O {[%emt 0:00:30]} 7. b3 {[%emt 0:13:30]} c6 {[%emt 0:01:30]} 8. Bb2 {[%emt 0:00:30]} Qa5 {[%emt 0:02:30]} 9. Qc2 {[%emt 0:14:30]} Re8 {[%emt 0:04:30]} 10. Nbd2 {[%emt 0:06:30]} e5 {[%emt 0:02:30]} 11. dxe5 {[%emt 0:03:30]} dxe5 {[%emt 0:00:30]} 12. e4 {[%emt 0:00:30]} f4 {[%emt 0:05:30]} 13. a3 {[%emt 0:24:30]} Nh5 {[%emt 0:06:30]} 14. b4 {[%emt 0:00:00]} Qc7 {[%emt 0:00:30]} 15. c5 {[%emt 0:01:00]} b5 {[%emt 0:02:30]} 16. cxb6 {[%emt 0:00:30]} axb6 {[%emt 0:16:30]} 17. b5 {[%emt 0:07:30]} h6 {[%emt 0:09:30]} 18. Rfc1 {[%emt 0:05:37]} c5 {[%emt 0:14:30]} 19. a4 {[%emt 0:12:44]} Be6 {[%emt 0:03:30]} 20. Nc4 {[%emt 0:02:09]} Nd7 {[%emt 0:00:30]} 21. Rd1 {[%emt 0:02:42]} Kh7 {[%emt 0:01:30]} 22. Bf1 {[%emt 0:01:42]} Rf8 {[%emt 0:04:30]} 23. Ne1 {[%emt 0:00:38]} fxg3 {[%emt 0:00:30]} 24. hxg3 {[%emt 0:00:22]} Nhf6 {[%emt 0:01:30]} 25. Bg2 {[%emt 0:00:40]} Ng4 {[%emt 0:00:30]} 26. Nf3 {[%emt 0:00:40]} Rf7 {[%emt 0:03:06]} 27. Nd6 {[%emt 0:01:00]} Rf6 {[%emt 0:00:12]} 28. Nc4 {[%emt 0:00:26]} Raf8 {[%emt 0:00:42]} 29. Rd3 {[%emt 0:00:15]} g5 {[%emt 0:02:03]} 30. Rad1 {[%emt 0:00:20]} Rg6 {[%emt 0:04:07]} 31. R3d2 {[%emt 0:01:04]} Nb8 {[%emt 0:02:04]} 32. Nh2 {[%emt 0:00:26]} Nxf2 {[%emt 0:01:44]} 33. Rxf2 {[%emt 0:00:31]} Rxf2 {[%emt 0:00:06]} 34. Qxf2 {[%emt 0:00:49]} Bxc4 {[%emt 0:00:05]} 35. Bh3 {[%emt 0:00:00]} Rf6 {[%emt 0:01:18]} 36. Bf5+ {[%emt 0:00:00]} Kg8 {[%emt 0:01:20]} 37. Ng4 {[%emt 0:00:00]} Rd6 {[%emt 0:00:40]} 38. Qc2 {[%emt 0:00:40]} Bf7 {[%emt 0:00:49]} 39. Ne3 {[%emt 0:01:18]} c4 {[%emt 0:01:32]} 40. Ba3 {[%emt 0:00:40]} Rd4 {[%emt 0:00:20]} 41. Nd5 {[%emt 0:00:33]} Bxd5 {[%emt 0:03:13]} 42. exd5 {[%emt 0:00:01]} Nd7 {[%emt 0:04:20]} 43. Be6+ {[%emt 0:00:42]} Kh8 {[%emt 0:00:05]} 44. d6 {[%emt 0:00:00]} Rxd1+ {[%emt 0:01:13]} 45. Qxd1 {[%emt 0:00:15]} Qd8 {[%emt 0:00:30]} 46. Bxc4 {[%emt 0:00:30]} e4 {[%emt 0:00:30]} 47. Qd5 {[%emt 0:00:30]} e3 {[%emt 0:00:30]} 48. Qe6 {[%emt 0:00:30]} Ne5 {[%emt 0:00:30]} 49. Be2 {[%emt 0:00:30]} Qf8 {[%emt 0:00:30]} 50. Qa2 {[%emt 0:00:30]} Qf2+ {[%emt 0:00:30]} 51. Kh1 {[%emt 0:00:30]} Nf3 {[%emt 0:00:48]} 0-1

[Event "Rodostosah WGM 2019"]
[Site "Tekirdag"]
[Date "2019.02.10"]
[Round "1.9"]
[White "Anacoglu, Cisel"]
[Black "Dimitrijevic, Aleksandra"]
[Result "0-1"]
[WhiteElo "1962"]
[BlackElo "2175"]
[Annotator "NA"]
[PlyCount "86"]
[EventDate "2019.02.08"]
[EventType "schev"]
[EventCountry "TUR"]
[SourceTitle "playchess.com"]
[Source "ChessBase"]
[SourceQuality "1"]
[TimeControl "5400+30"]

1. e4 {[%emt 0:00:30]} d5 {[%emt 0:01:30]} 2. exd5 {[%emt 0:00:30]} Qxd5 {[%emt 0:00:30]} 3. Nc3 {[%emt 0:00:00]} Qd6 {[%emt 0:00:00]} 4. d4 {[%emt 0:00:00]} a6 {[%emt 0:00:00]} 5. Bd3 {[%emt 0:00:00]} Nc6 {[%emt 0:00:30]} 6. Nge2 {[%emt 0:00:00]} Nf6 {[%emt 0:00:30]} 7. Bf4 {[%emt 0:00:30]} Qd8 {[%emt 0:00:30]} 8. O-O {[%emt 0:01:30]} e6 {[%emt 0:00:30]} 9. a4 {[%emt 0:07:30]} b6 {[%emt 0:01:30]} 10. Bc4 {[%emt 0:05:30]} Nb4 {[%emt 0:08:30]} 11. Bb3 {[%emt 0:05:30]} Bb7 {[%emt 0:00:30]} 12. Qd2 {[%emt 0:03:30]} Qd7 {[%emt 0:05:30]} 13. Be5 {[%emt 0:07:30]} Be7 {[%emt 0:00:30]} 14. Rad1 {[%emt 0:08:30]} h5 {[%emt 0:16:30]} 15. Qf4 {[%emt 0:10:30]} g5 {[%emt 0:03:30]} 16. Qe3 {[%emt 0:02:30]} Ng4 {[%emt 0:00:30]} 17. Qg3 {[%emt 0:00:30]} Nf6 {[%emt 0:10:30]} 18. Qe3 {[%emt 0:18:30]} O-O-O {[%emt 0:10:30]} 19. f3 {[%emt 0:12:01]} Rhg8 {[%emt 0:02:30]} 20. Ne4 {[%emt 0:11:15]} Nfd5 {[%emt 0:03:30]} 21. Bxd5 {[%emt 0:02:51]} Nxd5 {[%emt 0:01:30]} 22. Qb3 {[%emt 0:01:13]} f6 {[%emt 0:00:30]} 23. c4 {[%emt 0:00:39]} fxe5 {[%emt 0:01:30]} 24. dxe5 {[%emt 0:00:28]} Qe8 {[%emt 0:00:30]} 25. cxd5 {[%emt 0:00:32]} exd5 {[%emt 0:00:30]} 26. Nf2 {[%emt 0:00:22]} Bc5 {[%emt 0:00:30]} 27. Qc3 {[%emt 0:00:17]} d4 {[%emt 0:03:30]} 28. Nxd4 {[%emt 0:01:07]} Qxe5 {[%emt 0:00:30]} 29. Nb3 {[%emt 0:00:09]} Bxf2+ {[%emt 0:01:30]} 30. Kxf2 {[%emt 0:00:02]} Qxh2 {[%emt 0:00:00]} 31. Rh1 {[%emt 0:00:51]} Qf4 {[%emt 0:00:00]} 32. Rxd8+ {[%emt 0:01:03]} Rxd8 {[%emt 0:00:00]} 33. Rxh5 {[%emt 0:00:00]} g4 {[%emt 0:00:00]} 34. Qe3 {[%emt 0:00:38]} g3+ {[%emt 0:01:30]} 35. Ke2 {[%emt 0:00:02]} Qc4+ {[%emt 0:00:00]} 36. Ke1 {[%emt 0:00:23]} Qc2 {[%emt 0:01:00]} 37. Nd2 {[%emt 0:01:04]} Qxb2 {[%emt 0:00:30]} 38. Rg5 {[%emt 0:00:29]} Qc1+ {[%emt 0:00:30]} 39. Ke2 {[%emt 0:00:03]} a5 {[%emt 0:00:00]} 40. Rb5 {[%emt 0:00:56]} Ba6 {[%emt 0:00:00]} 41. f4 {[%emt 0:00:28]} c6 {[%emt 0:02:30]} 42. Qe6+ {[%emt 0:00:09]} Kb8 {[%emt 0:00:00]} 43. Ne4 {[%emt 0:00:56]} Qd1+ {[%emt 0:00:00]} 0-1

[Event "Rodostosah WGM 2019"]
[Site "Tekirdag"]
[Date "2019.02.10"]
[Round "1.10"]
[White "Sade, Defne"]
[Black "Prohorov, Olexandr"]
[Result "1/2-1/2"]
[WhiteElo "1916"]
[BlackElo "2146"]
[Annotator "NA"]
[PlyCount "60"]
[EventDate "2019.02.08"]
[EventType "schev"]
[EventCountry "TUR"]
[SourceTitle "playchess.com"]
[Source "ChessBase"]
[SourceQuality "1"]
[TimeControl "5400+30"]

1. e4 {[%emt 0:00:30]} Nf6 {[%emt 0:00:30]} 2. e5 {[%emt 0:00:30]} Nd5 {[%emt 0:00:30]} 3. c4 {[%emt 0:00:30]} Nb6 {[%emt 0:00:30]} 4. d4 {[%emt 0:00:30]} d6 {[%emt 0:00:00]} 5. exd6 {[%emt 0:00:00]} exd6 {[%emt 0:00:00]} 6. Nc3 {[%emt 0:00:00]} Be7 {[%emt 0:00:30]} 7. Bd3 {[%emt 0:00:30]} Nc6 {[%emt 0:04:30]} 8. Nge2 {[%emt 0:00:00]} O-O {[%emt 0:00:30]} 9. O-O {[%emt 0:01:00]} Bf6 {[%emt 0:03:30]} 10. Be3 {[%emt 0:06:30]} Nb4 {[%emt 0:08:30]} 11. Rc1 {[%emt 0:02:30]} Bg4 {[%emt 0:03:30]} 12. b3 {[%emt 0:09:30]} Nxd3 {[%emt 0:02:30]} 13. Qxd3 {[%emt 0:00:30]} Re8 {[%emt 0:00:30]} 14. Ng3 {[%emt 0:07:30]} d5 {[%emt 0:13:30]} 15. c5 {[%emt 0:02:30]} Nc8 {[%emt 0:00:00]} 16. h3 {[%emt 0:00:30]} Be6 {[%emt 0:00:00]} 17. Nce2 {[%emt 0:06:30]} Bh4 {[%emt 0:09:30]} 18. Nf5 {[%emt 0:05:30]} Bxf5 {[%emt 0:01:30]} 19. Qxf5 {[%emt 0:00:30]} g6 {[%emt 0:00:30]} 20. Qf3 {[%emt 0:00:30]} Bg5 {[%emt 0:00:30]} 21. Nc3 {[%emt 0:00:30]} c6 {[%emt 0:00:30]} 22. Rce1 {[%emt 0:00:30]} Rf8 {[%emt 0:06:30]} 23. Bxg5 {[%emt 0:23:30]} Qxg5 {[%emt 0:00:30]} 24. Re5 {[%emt 0:00:00]} Qd8 {[%emt 0:04:30]} 25. Rfe1 {[%emt 0:00:00]} b6 {[%emt 0:00:30]} 26. b4 {[%emt 0:02:30]} bxc5 {[%emt 0:05:30]} 27. dxc5 {[%emt 0:10:30]} Rb8 {[%emt 0:02:30]} 28. b5 {[%emt 0:06:03]} d4 {[%emt 0:02:30]} 29. Ne4 {[%emt 0:03:22]} f5 {[%emt 0:00:30]} 30. Ng3 {[%emt 0:10:24]} cxb5 {[%emt 0:04:30]} 1/2-1/2

[Event "Rodostosah WGM 2019"]
[Site "Tekirdag"]
[Date "2019.02.11"]
[Round "2.6"]
[White "Brankovic, Dejan"]
[Black "Caglar, Sila"]
[Result "1-0"]
[WhiteElo "2318"]
[BlackElo "2062"]
[Annotator "TA"]
[PlyCount "91"]
[EventDate "2019.02.08"]
[EventType "schev"]
[EventCountry "TUR"]
[SourceTitle "playchess.com"]
[Source "ChessBase"]
[SourceQuality "1"]

{[%evp 18,91,38,33,47,43,47,35,33,37,39,29,46,40,33,17,7,8,16,0,18,20,15,13,16,0,14,0,6,11,16,12,12,6,68,43,86,75,295,216,303,304,297,295,288,216,211,207,338,327,402,352,350,355,402,457,634,428,547,539,692,692,692,267,442,437,29954,29955,8946,8946,5310,5281,29992,29993,29997,420]} 1. g3 d5 2. Nf3 c6 3. Bg2 Bg4 4. d3 Nf6 5. Nbd2 Nbd7 6. h3 Bh5 7. O-O e5 8. e4 dxe4 {A07: Réti Opening: New York and Capablanca Systems} (8... Be7 9. Qe1 O-O 10. Nh4 Re8 11. Nf5 Bf8 12. Nb3 Qc7 13. a4 h6 14. Nh4 dxe4 15. dxe4 c5 16. Nd2 c4 17. Nb1 Nc5 18. g4 Bg6 19. Nxg6 fxg6 {1-0 (63) Malakhov,V (2712)-Rodshtein,M (2698) Chartres 2017}) 9. dxe4 Bxf3 10. Qxf3 {LiveBook: 4 Games} Be7 {White is slightly better.} 11. Nc4 O-O 12. Rd1 Qc7 13. Bd2 $146 ({Predecessor:} 13. Bg5 Rfe8 14. Bd2 b5 15. Ba5 Nb6 16. Ne3 {1-0 (35) Ianov,V (2415)-Skaroupka,J Policka 1996}) 13... a5 14. a4 Rfd8 {[%cal Bf8d8,Bd8d7,Bd7d3][%mdl 32]} 15. b3 Bb4 16. c3 Bc5 17. Ne3 Nf8 18. h4 Rd7 19. Bh3 Rd3 20. Bf1 Rd7 $1 21. Bh3 $36 {[%mdl 2048] White has the initiative.} Rd3 22. Bf1 Rd7 $1 23. Bc1 Rxd1 24. Nxd1 Rd8 25. Bg5 Be7 (25... N8d7 $11) 26. Ne3 Ne6 27. Bc4 b5 $2 {[#]} (27... Nc5 $16 {was worth a try.}) 28. Bxf6 Bxf6 (28... bxc4 $142 29. Bxe7 Qxe7) 29. axb5 $18 cxb5 30. Nd5 Qd7 31. Nxf6+ gxf6 32. Bd5 Qe7 (32... Nc7 {keeps fighting.} 33. Qxf6 (33. Rxa5 Nxd5 34. exd5 Qxd5 $18) 33... Nxd5 34. exd5 Qxd5 35. Rxa5 Rd6) 33. Rxa5 b4 34. Bxe6 Qxe6 {[%mdl 4096] Endgame KQR-KQR} 35. Rd5 ({Resist} 35. cxb4 Qb6 $18) 35... Ra8 36. cxb4 {[%cal Bc3b4,Bb4b5][%mdl 32]} Qh3 37. Rd1 Kg7 38. b5 Ra5 39. b6 Qe6 40. Rd5 $2 {[#]} (40. Rd8 Rb5 41. h5) 40... Ra1+ $2 (40... Qxb6 41. Qg4+ Kh6) 41. Kg2 Qxb6 (41... Ra8 $18 42. b7 Rb8) 42. Qg4+ Kf8 43. Qc8+ Kg7 44. Rd8 Kh6 45. Rg8 Qd4 46. Qf8+ {Precision: White = 65%, Black = 44%.} 1-0

[Event "Rodostosah WGM 2019"]
[Site "Tekirdag"]
[Date "2019.02.11"]
[Round "2.7"]
[White "Eric, Jovana"]
[Black "Kocyigit, Buse Naz"]
[Result "1-0"]
[WhiteElo "2222"]
[BlackElo "2023"]
[Annotator "TA"]
[PlyCount "31"]
[EventDate "2019.02.08"]
[EventType "schev"]
[EventCountry "TUR"]
[SourceTitle "playchess.com"]
[Source "ChessBase"]
[SourceQuality "1"]

{[%evp 18,31,0,0,1,0,0,0,0,0,336,333,515,511,956,901]} 1. e4 c5 2. Nc3 d6 3. f4 Nc6 4. Nf3 g6 5. Bb5 Bd7 6. Bc4 {B23: Closed Sicilian: Lines without g3} Bg7 7. O-O e6 {[%cal Be7e6,Be6f5][%mdl 32]} 8. f5 exf5 9. d3 Nge7 10. Qe1 $1 {LiveBook: 7 Games} Nd4 $146 ({Predecessor:} 10... Be6 11. exf5 gxf5 12. Bxe6 fxe6 13. Qxe6 Qd7 {½-½ (30) Pirs,M (2534)-De Oliveira,J (2582) ICCF email 2014}) 11. Nxd4 Bxd4+ 12. Kh1 O-O 13. Bg5 Qe8 $2 {[%mdl 8192] [#]} (13... Kh8 $1 $11 {and Black has nothing to worry.}) 14. Qh4 $18 Nc6 (14... d5 $142 15. exd5 (15. Bxe7 dxc4 16. Nd5 f6 $18) 15... b5) 15. Nd5 Na5 (15... Be6 $142 16. Rae1 fxe4 17. Rxe4 (17. dxe4 Qb8 $16) 17... Qd7 18. Rxd4 f6) 16. Bf6 1-0

[Event "Rodostosah WGM 2019"]
[Site "Tekirdag"]
[Date "2019.02.11"]
[Round "2.8"]
[White "Dimitrijevic, Aleksandra"]
[Black "Duran, Esma Doga"]
[Result "0-1"]
[WhiteElo "2175"]
[BlackElo "2005"]
[Annotator "TA"]
[PlyCount "82"]
[EventDate "2019.02.08"]
[EventType "schev"]
[EventCountry "TUR"]
[SourceTitle "playchess.com"]
[Source "ChessBase"]
[SourceQuality "1"]

{[%evp 9,82,-12,-10,-39,-38,-35,-36,-51,-51,-84,-27,-77,-80,-190,-54,-77,-67,-112,-114,-113,-100,-206,-210,-225,-217,-179,-82,-143,-54,-110,-113,-109,-116,-124,-108,-125,-100,-175,-160,-160,-94,-142,-147,-184,-180,-168,-187,-234,-164,-419,-431,-616,-613,-591,-603,-941,-936,-2501,-2229,-29990,-29991,-29991,-29992,-29991,-1137,-29987,-29987,-29982,-3374,-3150,-2589,-6323,-6207,-5306,-5222]} 1. Nf3 Nf6 2. b3 g6 3. Bb2 Bg7 4. e3 b6 (4... O-O 5. d4 c5 6. dxc5 Qa5+ 7. c3 Qxc5 8. Ba3 Qb6 9. Bxe7 Re8 10. Bxf6 Bxf6 11. Be2 Nc6 12. O-O a5 13. Nd4 d5 {1-0 (38) Nakamura,H (2769)-Mamedyarov,S (2808) Leuven 2018}) 5. g4 $146 ({Predecessor:} 5. c4 Bb7 6. d4 O-O 7. Nc3 c5 8. d5 e6 9. dxe6 fxe6 10. Be2 d5 11. O-O Nbd7 12. Qc2 Qe7 13. Rad1 Rad8 {0-1 (55) Kasparov,S (2487)-Tiviakov,S (2658) Erbil 2013}) 5... O-O 6. h3 {A05: Réti Opening: 1 Nf3 Nf6} Bb7 7. Bg2 c5 8. d3 {Black is slightly better.} d5 9. Nbd2 Nbd7 (9... d4 $17 10. e4 Nc6) 10. Nf1 Qc7 11. Ng3 {[#]} (11. Qc1 $17) 11... e5 (11... Nxg4 $1 $19 {[%mdl 512]} 12. hxg4 (12. Bxg7 $2 Nxe3 {[%mdl 64] Deflection} 13. fxe3 Qxg3+ {[%mdl 64] Double Attack} 14. Kf1 Kxg7 $19) 12... Bxb2) 12. g5 Ne8 $1 {White must now prevent ...e4.} 13. c3 f5 14. gxf6 Nexf6 15. Ng5 (15. Nd2 $17 {was necessary.}) 15... Rae8 $19 16. h4 h6 17. Nh3 {[#]} h5 (17... e4 $1 $19 {and Black stays clearly on top. Threatens to win with ...Ne5.} 18. d4 h5) 18. Qe2 (18. Qd2 $142) 18... d4 (18... e4 $17 {And now ...Ng4 would win.} 19. O-O-O Ne5 20. dxe4 dxe4) 19. e4 ({Better is} 19. Bxb7 $15 Qxb7 20. O-O-O) 19... dxc3 20. Bxc3 Nb8 21. O-O-O Nc6 22. Kb1 Nd4 23. Qe1 (23. Qd2 $17) 23... a5 24. Ne2 {[#]} Nd7 (24... a4 $142 $1 {[%mdl 512]} 25. Bxd4 (25. bxa4 Qd7) 25... exd4) 25. Nc1 {[#]} a4 $1 $36 {[%mdl 2560] Keeping White busy.} 26. Rg1 (26. bxa4 c4) 26... axb3 27. axb3 Ra8 28. Bh1 Qc6 29. f4 $2 (29. Qd2) 29... exf4 30. e5 (30. Qd2 $142 f3 31. Rdf1) 30... f3 31. e6 Ne5 32. Rg5 Qxe6 33. Qg3 Ra3 34. Nf4 Rxb3+ 35. Bb2 {[#]} Rxb2+ $1 36. Kxb2 Qf7 (36... Qc6 $142 37. Kc3 Qa4 38. Kd2 Qb4+ 39. Ke3 Nf5+ {[%mdl 64] Double Attack} 40. Kf2 Qb2+ 41. Kf1 Nxg3+ {[%mdl 64] Discovered Attack} 42. Rxg3 Rxf4 43. Re1 Rxh4 {[%mdl 64] Trapped Piece} 44. Bxf3 Nxf3 45. Re8+ Kf7 46. Ne2 Qb1+ {[%mdl 64] Double Attack} 47. Nc1 Qxc1+ 48. Kf2 Bd4+ 49. Re3 Bxe3+ 50. Kg2 Rh2#) 37. Nxh5 {[#]} Nxd3+ $1 {[%mdl 512]} 38. Rxd3 (38. Nxd3 Qb3+) 38... Nf5+ (38... Qc4 $142 39. Nf6+ Rxf6 40. Rc3 Qb5+ 41. Ka1 Ne2 42. Qe5 Nxc3 43. Qxc3 f2 44. Bd5+ Bxd5 45. Rxd5 Rf8 46. Qxg7+ Kxg7 47. Rd7+ Qxd7 48. Nb3 f1=Q+ 49. Kb2 Rf2+ 50. Ka3 Qb1 51. Nxc5 Qb2#) 39. Nxg7 {Black is clearly winning.} Qxg7+ 40. Kb1 Nxg3 41. Rxg3 Be4 {Accuracy: White = 22%, Black = 58%.} 0-1